• 首页
  • 本馆介绍
  • 公告通知
  • 最新文献
  • 馆藏检索
  • 电子资源
  • 读者导购
  • 参考咨询
  • 我的图书馆
  • 登录
  • 详细信息显示
  • 放入我的书架
  • 预约/预借图书
  • 作者相关作品
  • 分类相关作品
  • 丛书相关作品
  • 出版社相关作品

书目信息

  • 表格格式
  • 工作单格式
  • 卡片格式
题名:
膜生物化学
    
 
作者: 西姆 著 ;李敏媛 译
分册:  
出版信息: 北京   科学出版社  1985
页数: 86页
开本: 19cm
丛书名:
单 册:
中图分类: Q73
科图分类:
主题词: 生物膜-生物化学 , 生物化学-生物膜
电子资源:
ISBN:
000 00760nam0 2200277 45
001 0185010955
005 20060508084549.51
010    @dCNY0.70
091    @a13031.2981
100    @a19900903d1985 em y0chiy0121 ea
101 1  @achi@ceng
102    @aCN@b110000
105    @ay z 000yy
200 10 @a膜生物化学@Amo sheng wu hua xue@f( )E·西姆著@F()E·xi mu zhu@g李敏媛译
210    @a北京@c科学出版社@d1985
215    @a86页@d19cm
300    @a根据1982年英文本译出
510 1  @aMembrane biochemistry@zeng
606    @a生物膜-生物化学
606    @a生物化学-生物膜
690    @aQ73@v3
701  1 @a西姆@Axi mu@bE.@4著
702  0 @a李敏媛@Ali min yuan@4译
801  2 @aCN@bNLC@c20060508
801  0 @aCN@b深圳图书馆@c20040525
905    @dQ73@e7
    
    膜生物化学/( )E·西姆著/李敏媛译.-北京:科学出版社,1985
    86页;19cm
    根据1982年英文本译出
    
    ISBN :CNY0.70
    
●
相关链接 在E读中查询图书 在五车中查询图书 在当当中查询图书 在豆瓣中查询图书


正题名:膜生物化学     索取号:Q73/7         预约/预借

序号 登录号 条形码 馆藏地/架位号 状态 备注
1 0148277   000077703   第三借阅区/ [索取号:Q73/7] 在馆    
2 0148278   000703475   第三借阅区/ [索取号:Q73/7] 在馆    
3 0148279   202330030   密集书库/ [索取号:Q73/7] 在馆    
4 0148280   202330021   密集书库/ [索取号:Q73/7] 在馆    
5 0148281   202450524   第二样本阅览室/ [索取号:Q73/7] 在馆    
唐山师范学院图书馆 欢迎您!
大连网信软件有限公司© 版权所有